000 00955cab a2200229 4500
001 ##L135312
008 060926n2006 000 0 eng u
035 _a(Sirsi) u135312
041 0 _aeng
100 1 _aHalstead, Ian
245 0 0 _aFocus West Midlands
260 _c2006
490 0 _aEstates Gazette
_v(0640)7 October 2006, 153-203(17)
520 _aDiscusses the fact that Birmingham has dominated the West Midlands office market for so long, but that the M42 corridor market is on its way back up. Looks at Birmingham's economic growth, which could suffer if family-friendly housing is not provided in the city centre and the collapse of UK car manufacturing which is providing development opportunities.
590 _aIKA171006
651 4 _aWEST MIDLANDS
690 _aPROPERTY-COMMERCIAL PROPERTY-COMMERCIAL PROPERTY MARKET
700 1 _aGreenshields, Claire
700 1 _aPilkington, Lisa
700 1 _aHalstead, Ian
942 _n0
999 _c77862
_d77862